| 000 | 00337nam a2200145Ia 4500 | ||
|---|---|---|---|
| 008 | 230917s9999||||xx |||||||||||||| ||und|| | ||
| 040 |
_e39701 _aMAIN |
||
| 041 | _aEnglish | ||
| 082 | _a801.93 S59O | ||
| 100 | _aSontag, Susan | ||
| 245 | 0 | _aOn photography | |
| 260 |
_aLondon _bPenguin Books _c1973 |
||
| 300 | _a207 p. | ||
| 942 | _cBK | ||
| 999 |
_c191314 _d191314 |
||